LEADER 01106nam a2200265 i 4500 001 000000248148 003 CaOOAMICUS 005 20160302000000.0 008 160302s2015 it u000 u ita u 013 $a227053 020 $a978-88-311-4822-1 040 $aSeMil$bita 100 1 $aLucchetti Bingemer, María Clara <1949- >.$0(OLS)http://semarc/name/16339 245 10$aSimone Weil :$buna mistica sulla soglia /$cMaria Clara Bingemer. 260 $aRoma :$bCittà Nuova,$c2015. 300 $a174 p. ;$c20 cm. 490 0 $aContributi di teologia ;$v75 600 14$aWeil, Simone <1909-1943>.$0(OLS)http://semarc/subject/8687 830 0$aContributi di teologia ;$v75.$0(OLS)http://semarc/title/623 850 $aSeMil 852 $aSeMil$W1$xVenegono$y1$m2G I 245$j198494$B198494$CSeMilBibl$Z2$F209629 $81 961 $aSottoscrizione: Città Nuova (Agente) 996 $6020$a978-88-311-4822-1$9(OLS)http://semarc/number/257733 996 $6245$aSimone Weil :$buna mistica sulla soglia$9(OLS)http://semarc/title/350230 996 $6260$aRoma :$bCittà Nuova$9(OLS)http://semarc/publisher/29609 LEADER 01050nam a2200229 i 4500 001 000000125116 003 CaOOAMICUS 005 20040407000000.0 008 040407s1983 be u000 u mul u 013 $a97814 040 $aSeMil$bita 100 1 $aHalkin, François.$0(OLS)http://semarc/name/809 245 10$aCatalogue des manuscrits hagiographiques de la Bibliothèque nationale d'Athènes /$cPar François Halkin. 260 $aBruxelles :$bSociété des Bollandistes,$c1983. 300 $a205 p. ;$c25 cm. 490 0 $aSubsidia hagiographica ;$v66 650 4$aAgiografia - Manoscritti - Cataloghi.$0(OLS)http://semarc/subject/226 830 0$aSubsidia hagiographica ;$v66.$0(OLS)http://semarc/title/570 850 $aSeMil 852 $aSeMil$W1$xVenegono$y1$mSL1.S III 23$j79613$B79613$CSeMilBibl$Z2$F81758 $8I 996 $6245$aCatalogue des manuscrits hagiographiques de la Bibliothèque nationale d'Athènes$9(OLS)http://semarc/title/184257 996 $6260$aBruxelles :$bSociété des Bollandistes$9(OLS)http://semarc/publisher/29839